The Pronunciation of English
Đã lưu trong:
| Príomhúdar: | |
|---|---|
| Formáid: | Leabhar |
| Foilsithe: |
Cambridge at the University Press
1909
|
| Clibeanna: |
Cuir Clib Leis
Gan Chlibeanna, Bí ar an gcéad duine leis an taifead seo a chlibeáil!
|
| Thư viện lưu trữ: | Trung tâm Học liệu Lê Vũ Hùng, Trường Đại học Đồng Tháp |
|---|
| LEADER | 00559pam a22001818a 4500 | ||
|---|---|---|---|
| 001 | 00039295 | ||
| 008 | 170518s1909 ||||||Engsd | ||
| 005 | 20171026081025.0 | ||
| 041 | 0 | # | |a Eng |
| 082 | 1 | 4 | |a 428 |b TH200PR |
| 100 | 1 | # | |a Daniel Jones, M.A |
| 245 | 1 | 0 | |a The Pronunciation of English |c Daniel Jones, M.A |
| 260 | |b Cambridge at the University Press |c 1909 | ||
| 300 | # | # | |a 155 tr. |c 29cm |
| 852 | # | # | |b Kho đọc |j KD.0020205 |
| 852 | # | # | |j KD.0020205 |
| 910 | |d 18/05/2017 | ||
| 980 | # | # | |a Trung tâm Học liệu Lê Vũ Hùng, Trường Đại học Đồng Tháp |